[Event "Ljubljana-chT 69th Superliga"]
[Site "Ljubljana"]
[Date "2016.03.03"]
[Round "5.4"]
[White "Trplan, Filip"]
[Black "Sivcevic, Nusret"]
[Result "0-1"]
[WhiteElo "1386"]
[BlackElo "1860"]
[PlyCount "78"]
[EventDate "2016.01.14"]
[EventType "team-tourn"]
[EventRounds "9"]
[EventCountry "SLO"]
[SourceTitle "EXT 2022"]
[Source "ChessBase"]
[SourceDate "2021.10.06"]
[SourceVersion "1"]
[SourceVersionDate "2021.10.06"]
[SourceQuality "1"]
[WhiteTeam "Komenda Pogi"]
[BlackTeam "Klinicni Center"]
[WhiteTeamCountry "SLO"]
[BlackTeamCountry "SLO"]

1. e4 e6 2. d4 b6 3. Nc3 Bb7 4. Nf3 Bb4 5. Bd3 c5 6. dxc5 Bxc3+ 7. bxc3 bxc5 8. 0-0 Qc7 9. c4 Nf6 10. e5 Ng4 11. Bf4 Nc6 12. Re1 f5 13. h3 Nh6 14. Bxh6 gxh6 15. Qd2 0-0-0 16. a4 Rdg8 17. Bf1 Rg7 18. Qc3 Rhg8 19. g3 f4 20. g4 h5 21. g5 Nd4 22. Nxd4 Rxg5+ 23. Kh2 Rg2+ 24. Bxg2 Rxg2+ 25. Kh1 Rg3+ 26. f3 cxd4 27. Qb4 Bxf3+ 28. Kh2 Rg2+ 29. Kh1 Re2+ 30. Kg1 Qxe5 31. Rxe2 Bxe2 32. Qf8+ Kc7 33. Qg8 d3 34. Rb1 Qe3+ 35. Kh2 Qf2+ 36. Qg2 Qxg2+ 37. Kxg2 d2 38. Ra1 d1Q 39. Rxd1 Bxd1 0-1

[Event "EU-ch U12 25th"]
[Site "Porec"]
[Date "2015.09.28"]
[Round "7"]
[White "Trplan, Filip"]
[Black "Bolognese, Leonardo"]
[Result "1-0"]
[WhiteElo "1368"]
[BlackElo "1587"]
[PlyCount "85"]
[EventDate "2015.09.21"]
[EventType "swiss"]
[EventRounds "9"]
[EventCountry "CRO"]
[SourceTitle "EXT 2016"]
[Source "ChessBase"]
[SourceDate "2015.10.08"]
[SourceVersion "1"]
[SourceVersionDate "2015.10.08"]
[SourceQuality "1"]

1. e4 e5 2. Nf3 Nc6 3. Bc4 Bc5 4. c3 Nf6 5. d4 exd4 6. cxd4 Bb4+ 7. Nc3 Nxe4 8. 0-0 Bxc3 9. d5 Bf6 10. Re1 Ne7 11. Rxe4 d6 12. Bg5 Bxg5 13. Nxg5 h6 14. Qe2 hxg5 15. Re1 Be6 16. dxe6 f6 17. Re3 c6 18. Rh3 Rxh3 19. gxh3 g6 20. Qf3 Qa5 21. Rd1 Qf5 22. Qe3 d5 23. Bd3 Qf4 24. Qe1 Qe5 25. Qb4 Qxe6 26. Re1 a5 27. Qc3 Qf7 28. Qc5 Kd7 29. Qb6 Kc8 30. Qc5 Ng8 31. Bxg6 Qxg6 32. Qf8+ Kc7 33. Qxa8 g4 34. Qxa5+ b6 35. Qa7+ Kd6 36. Qa3+ c5 37. Qg3+ Kc6 38. Re6+ Kb7 39. Qxg4 Qxg4+ 40. hxg4 Kc7 41. a4 c4 42. Kf1 d4 43. Ke2 1-0

[Event "EU-ch U12 25th"]
[Site "Porec"]
[Date "2015.09.21"]
[Round "1"]
[White "Trplan, Filip"]
[Black "Suvorov, Luca"]
[Result "0-1"]
[WhiteElo "1368"]
[BlackElo "1900"]
[PlyCount "84"]
[EventDate "2015.09.21"]
[EventType "swiss"]
[EventRounds "9"]
[EventCountry "CRO"]
[SourceTitle "EXT 2016"]
[Source "ChessBase"]
[SourceDate "2015.10.08"]
[SourceVersion "1"]
[SourceVersionDate "2015.10.08"]
[SourceQuality "1"]

1. e4 c5 2. Nc3 Nc6 3. f4 g6 4. Nf3 Bg7 5. Nb5 a6 6. Nc3 d6 7. Bc4 e6 8. d3 Nge7 9. 0-0 0-0 10. Qe1 Nd4 11. Qd1 h6 12. Ne2 Nxe2+ 13. Qxe2 Nc6 14. c3 b5 15. Bb3 b4 16. Bd2 a5 17. Qf2 Ba6 18. Bc2 f5 19. Rfe1 Kh7 20. d4 cxd4 21. Nxd4 Nxd4 22. cxd4 Rc8 23. Bb3 Bc4 24. exf5 exf5 25. Kh1 Qf6 26. Be3 d5 27. Rac1 Qa6 28. Qd2 Bxb3 29. axb3 Rxc1 30. Rxc1 Re8 31. Kg1 Re4 32. Rc5 Qa8 33. Rc1 Qe8 34. Kf2 g5 35. Rc7 Kg8 36. fxg5 hxg5 37. Rc5 f4 38. Bxf4 Rxf4+ 39. Kg3 Bxd4 40. Rc7 Bf2+ 41. Qxf2 Rxf2 42. Kxf2 Qf8+ 0-1

[Event "Kozje op 2nd"]
[Site "Kozje"]
[Date "2015.09.13"]
[Round "5"]
[White "Trplan, Filip"]
[Black "Vidmar, Klara"]
[Result "0-1"]
[WhiteElo "1368"]
[BlackElo "1581"]
[PlyCount "56"]
[EventDate "2015.09.11"]
[EventType "swiss"]
[EventRounds "5"]
[EventCountry "SLO"]
[SourceTitle "EXT 2016"]
[Source "ChessBase"]
[SourceDate "2015.10.08"]
[SourceVersion "1"]
[SourceVersionDate "2015.10.08"]
[SourceQuality "1"]

1. e4 c5 2. Nc3 Nc6 3. f4 g6 4. Nf3 Bg7 5. Bb5 d6 6. 0-0 Bd7 7. d3 a6 8. Bxc6 Bxc6 9. Qe1 Nf6 10. Bd2 0-0 11. Qh4 Nh5 12. Rab1 e6 13. Qxd8 Rfxd8 14. b3 Bxc3 15. Bxc3 Nxf4 16. Rbe1 Nh5 17. Ng5 Rf8 18. Rf2 h6 19. Nf3 e5 20. g3 Bd7 21. Nd2 Be6 22. Bb2 b5 23. Rff1 a5 24. Ra1 a4 25. Kg2 Rfc8 26. Rfc1 a3 27. Bc3 b4 28. Bxe5 dxe5 0-1

[Event "Nova Gorica op-A 20th"]
[Site "Nova Gorica"]
[Date "2015.02.01"]
[Round "5"]
[White "Trplan, Filip"]
[Black "Sambo, Pietro"]
[Result "1/2-1/2"]
[WhiteElo "1285"]
[BlackElo "1592"]
[PlyCount "53"]
[EventDate "2015.01.30"]
[EventType "swiss"]
[EventRounds "9"]
[EventCountry "SLO"]
[SourceTitle "CBM 164 Extra"]
[Source "ChessBase"]
[SourceDate "2015.03.02"]
[SourceVersion "1"]
[SourceVersionDate "2015.03.02"]
[SourceQuality "1"]

1. e4 c6 2. Nc3 d5 3. Nf3 dxe4 4. Nxe4 Bf5 5. Nc3 Nd7 6. d4 e6 7. Bd3 Bxd3 8. Qxd3 Ngf6 9. 0-0 Qc7 10. Be3 Bd6 11. h3 0-0 12. Ne2 Rad8 13. c4 Nc5 14. Qc2 Ncd7 15. Rfd1 b6 16. Rac1 c5 17. b3 Rfe8 18. dxc5 Bxc5 19. Bf4 e5 20. Bg3 Nh5 21. Bh2 Qc6 22. Qf5 g6 23. Qg5 Be7 24. Qe3 Bc5 25. Qg5 Be7 26. Qe3 Bc5 27. Qg5 1/2-1/2

[Event "Kozje op 1st"]
[Site "Kozje"]
[Date "2014.08.29"]
[Round "4"]
[White "Trplan, Filip"]
[Black "Majcen, Maja"]
[Result "1-0"]
[WhiteElo "1256"]
[BlackElo "1368"]
[PlyCount "89"]
[EventDate "2014.08.28"]
[EventType "swiss"]
[EventRounds "9"]
[EventCountry "SLO"]
[SourceTitle "EXT 2019"]
[Source "ChessBase"]
[SourceDate "2018.10.10"]
[SourceVersion "1"]
[SourceVersionDate "2018.10.10"]
[SourceQuality "1"]

1. e4 e5 2. Nf3 Nc6 3. Bc4 Bc5 4. d3 d6 5. h3 Nf6 6. Bg5 0-0 7. 0-0 h6 8. Bh4 Qe7 9. Nc3 Be6 10. Bb3 Bxb3 11. axb3 a6 12. Nd5 Qd8 13. Bxf6 gxf6 14. Nh4 f5 15. Nxf5 Qg5 16. h4 Qg6 17. Nfe7+ Nxe7 18. Nxe7+ Kh7 19. Nxg6 fxg6 20. Kh2 Bxf2 21. Qe2 Bxh4 22. Rxf8 Rxf8 23. Rf1 Bf6 24. g3 Kg7 25. c3 c6 26. d4 exd4 27. cxd4 Re8 28. Qf3 Rf8 29. e5 dxe5 30. dxe5 Be7 31. Qe2 Re8 32. Qc4 Rf8 33. Rxf8 Bxf8 34. Qf1 Be7 35. e6 Bf6 36. Qd3 Be7 37. Qd4+ Bf6 38. Qd7+ Kh8 39. Qe8+ Kg7 40. Qf7+ Kh8 41. Qxf6+ Kh7 42. e7 b5 43. e8R g5 44. Re7+ Kg8 45. Qg7# 1-0

[Event "Kozje op 1st"]
[Site "Kozje"]
[Date "2014.08.28"]
[Round "2"]
[White "Trplan, Filip"]
[Black "Brigljevic, Milan"]
[Result "0-1"]
[WhiteElo "1256"]
[BlackElo "2197"]
[PlyCount "128"]
[EventDate "2014.08.28"]
[EventType "swiss"]
[EventRounds "9"]
[EventCountry "SLO"]
[SourceTitle "EXT 2019"]
[Source "ChessBase"]
[SourceDate "2018.10.10"]
[SourceVersion "1"]
[SourceVersionDate "2018.10.10"]
[SourceQuality "1"]

1. e4 g6 2. d4 Bg7 3. Nf3 d6 4. Nc3 Nf6 5. Bc4 c6 6. 0-0 0-0 7. Bg5 h6 8. Bxf6 Bxf6 9. Re1 e5 10. dxe5 dxe5 11. Qxd8 Rxd8 12. Rad1 Rxd1 13. Rxd1 Nd7 14. Rd6 Kg7 15. h3 Be7 16. Rd1 Kf6 17. Ne2 Nc5 18. Nc3 b5 19. Bb3 a5 20. a3 Nxb3 21. cxb3 Be6 22. Rd3 Bxb3 23. Nd2 Be6 24. Kf1 Rd8 25. Rxd8 Bxd8 26. Ke2 a4 27. Kd3 Bb6 28. f3 Bd4 29. Kc2 h5 30. Kd3 h4 31. Kc2 Kg5 32. Ne2 Be3 33. Kc3 c5 34. Kd3 Bxd2 35. Kxd2 b4 36. Ke3 Bc4 37. f4+ Kf6 38. fxe5+ Kxe5 39. Ng1 g5 40. Nf3+ Kf6 41. Nd2 Bb5 42. Kf3 Ke5 43. Ke3 f6 44. Nf3+ Ke6 45. Nd2 Ba6 46. Nf3 Bb7 47. Nd2 f5 48. exf5+ Kxf5 49. Nf3 Bxf3 50. Kxf3 c4 51. Ke3 c3 52. bxc3 bxa3 53. c4 a2 54. c5 a1Q 55. c6 Qc3+ 56. Ke2 Ke4 57. c7 Qc2+ 58. Kf1 Ke3 59. Kg1 a3 60. c8Q Qxc8 61. Kh2 a2 62. Kh1 a1R+ 63. Kh2 Qc7+ 64. g3 Qc2# 0-1

[Event "SLO-chT U16"]
[Site "Moravske Toplice"]
[Date "2014.05.18"]
[Round "5"]
[White "Trplan, Filip"]
[Black "Kojek, Zala"]
[Result "1-0"]
[WhiteElo "1243"]
[BlackElo "1359"]
[PlyCount "81"]
[EventDate "2014.05.16"]
[EventType "team-swiss"]
[EventRounds "6"]
[EventCountry "SLO"]
[SourceTitle "EXT 2022"]
[Source "ChessBase"]
[SourceDate "2021.10.06"]
[SourceVersion "1"]
[SourceVersionDate "2021.10.06"]
[SourceQuality "1"]

1. e4 e5 2. Nf3 Nc6 3. Bc4 Bc5 4. d3 Nf6 5. Bg5 h6 6. Bh4 d6 7. h3 Be6 8. Bb3 a6 9. Nc3 Ba7 10. Nd5 g5 11. Bg3 Bxd5 12. exd5 Ne7 13. Qd2 Nexd5 14. Bxd5 Nxd5 15. 0-0-0 Qe7 16. d4 e4 17. Qa5 Nb6 18. Nd2 0-0-0 19. Qf5+ Qe6 20. Qxe6+ fxe6 21. Nxe4 Rhf8 22. h4 g4 23. Rhe1 Rde8 24. Bxd6 cxd6 25. Nxd6+ Kd7 26. Nxe8 Rxe8 27. Re4 h5 28. Re5 Rh8 29. Rde1 Rh6 30. c3 Bb8 31. R5e4 Rf6 32. f3 gxf3 33. gxf3 Bg3 34. R1e2 Bxh4 35. Rxh4 Rxf3 36. Rxh5 Rf1+ 37. Kc2 Rf7 38. Rh6 Re7 39. Reh2 Kc6 40. R2h5 Nc4 41. Rc5+ 1-0

[Event "SLO-chT U16"]
[Site "Moravske Toplice"]
[Date "2014.05.17"]
[Round "3"]
[White "Trplan, Filip"]
[Black "Zirkelbach, Maj"]
[Result "0-1"]
[WhiteElo "1243"]
[BlackElo "1886"]
[PlyCount "86"]
[EventDate "2014.05.16"]
[EventType "team-swiss"]
[EventRounds "6"]
[EventCountry "SLO"]
[SourceTitle "EXT 2022"]
[Source "ChessBase"]
[SourceDate "2021.10.06"]
[SourceVersion "1"]
[SourceVersionDate "2021.10.06"]
[SourceQuality "1"]

1. e4 c5 2. f4 Nc6 3. Nc3 g6 4. Nf3 Bg7 5. Be2 e6 6. d3 Nge7 7. Be3 b6 8. 0-0 d5 9. exd5 exd5 10. Bf2 0-0 11. d4 c4 12. Ne5 Bb7 13. Bf3 f6 14. Nxc6 Bxc6 15. Re1 b5 16. b4 a5 17. a4 axb4 18. axb5 Rxa1 19. Qxa1 bxc3 20. bxc6 Nxc6 21. Qxc3 Qd6 22. Qd2 f5 23. c3 Bf6 24. Qe3 Kf7 25. Rb1 Rb8 26. Rxb8 Nxb8 27. Qc1 Nd7 28. h3 Be7 29. Qb2 Nf6 30. Bh4 Ne4 31. Bxe7 Qxe7 32. Qb5 Nxc3 33. Bxd5+ Kg7 34. Qxc4 Qe3+ 35. Kh1 Qc1+ 36. Kh2 Qxf4+ 37. g3 Qf2+ 38. Bg2 Ne2 39. Qc7+ Kh6 40. h4 f4 41. g4 Qxh4+ 42. Bh3 Qg3+ 43. Kh1 Qg1# 0-1

[Event "SLO-chT U16"]
[Site "Moravske Toplice"]
[Date "2014.05.16"]
[Round "2"]
[White "Znidaric, Anze"]
[Black "Trplan, Filip"]
[Result "1-0"]
[WhiteElo "1941"]
[BlackElo "1243"]
[PlyCount "65"]
[EventDate "2014.05.16"]
[EventType "team-swiss"]
[EventRounds "6"]
[EventCountry "SLO"]
[SourceTitle "EXT 2022"]
[Source "ChessBase"]
[SourceDate "2021.10.06"]
[SourceVersion "1"]
[SourceVersionDate "2021.10.06"]
[SourceQuality "1"]

1. Nf3 c5 2. c4 Nc6 3. d4 cxd4 4. Nxd4 g6 5. Nc3 Bg7 6. e3 Qb6 7. Nd5 Qd8 8. Nb5 Be5 9. f4 Bb8 10. b3 a6 11. Nd4 Nf6 12. Nxf6+ exf6 13. Bb2 Ba7 14. Nxc6 bxc6 15. Qd6 Qe7 16. Qxe7+ Kxe7 17. Kd2 Re8 18. Bd3 Kf8 19. Rae1 Kg7 20. g4 Bb7 21. g5 Re6 22. Bxf6+ Kg8 23. h4 c5 24. Rh3 Rae8 25. h5 Be4 26. Bxe4 Rxe4 27. hxg6 fxg6 28. Reh1 Kf7 29. Rxh7+ Ke6 30. Kd3 Kf5 31. Be5 d6 32. Rf7+ Kg4 33. Kxe4 1-0

[Event "Ljubljana Autumn op"]
[Site "Ljubljana"]
[Date "2013.11.16"]
[Round "7"]
[White "Trplan, Filip"]
[Black "Cerne, Peter"]
[Result "0-1"]
[WhiteElo "1250"]
[BlackElo "1406"]
[PlyCount "54"]
[EventDate "2013.09.04"]
[EventType "swiss"]
[EventRounds "9"]
[EventCountry "SLO"]
[SourceTitle "EXT 2023"]
[Source "ChessBase"]
[SourceDate "2022.10.05"]
[SourceVersion "1"]
[SourceVersionDate "2022.10.05"]
[SourceQuality "1"]

1. e4 c5 2. Nc3 e6 3. f4 d6 4. Nf3 Nc6 5. Bb5 Nge7 6. 0-0 g6 7. a4 Bg7 8. d3 0-0 9. Qe1 a6 10. Bc4 Nd4 11. Qd1 d5 12. Ba2 b5 13. axb5 axb5 14. Nxd4 Bxd4+ 15. Kh1 b4 16. Nb5 Ra5 17. Nxd4 cxd4 18. Bd2 Nc6 19. Bb3 Bd7 20. Rxa5 Qxa5 21. Qa1 Ra8 22. Qe1 Ne7 23. Bxb4 Qd8 24. Qh4 Nc6 25. Qxd8+ Rxd8 26. Ra1 Nxb4 27. Ra4 Bxa4 0-1

[Event "Ljubljana Autumn op"]
[Site "Ljubljana"]
[Date "2013.09.22"]
[Round "1"]
[White "Varga, Ivan"]
[Black "Trplan, Filip"]
[Result "1-0"]
[WhiteElo "1466"]
[BlackElo "1250"]
[PlyCount "45"]
[EventDate "2013.09.04"]
[EventType "swiss"]
[EventRounds "9"]
[EventCountry "SLO"]
[SourceTitle "EXT 2023"]
[Source "ChessBase"]
[SourceDate "2022.10.05"]
[SourceVersion "1"]
[SourceVersionDate "2022.10.05"]
[SourceQuality "1"]

1. Nf3 d5 2. e3 Nc6 3. a3 e5 4. Bb5 Bd6 5. Nc3 Nf6 6. h3 Bd7 7. Qe2 0-0 8. Bd3 e4 9. Bb5 a6 10. Ba4 b5 11. Bb3 exf3 12. gxf3 d4 13. Nd5 Nxd5 14. Bxd5 Qg5 15. Be4 Qg2 16. Rf1 dxe3 17. dxe3 Rae8 18. Bd2 Ne5 19. 0-0-0 Qg5 20. Bc3 Nc4 21. Rg1 Qc5 22. Rxg7+ Kh8 23. Rxh7+ 1-0

[Event "Ljubljana op 2nd"]
[Site "Ljubljana"]
[Date "2013.05.22"]
[Round "6"]
[White "Korosec, Stefan"]
[Black "Trplan, Filip"]
[Result "1-0"]
[WhiteElo "1727"]
[BlackElo "1324"]
[PlyCount "58"]
[EventDate "2013.04.03"]
[EventType "swiss"]
[EventRounds "9"]
[EventCountry "SLO"]
[SourceTitle "EXT 2023"]
[Source "ChessBase"]
[SourceDate "2022.10.05"]
[SourceVersion "1"]
[SourceVersionDate "2022.10.05"]
[SourceQuality "1"]

1. e4 d6 2. d4 Nf6 3. Nc3 g6 4. f4 Bg7 5. Nf3 0-0 6. Be2 Bg4 7. 0-0 Nbd7 8. Be3 c5 9. Rb1 cxd4 10. Bxd4 Qa5 11. h3 Bxf3 12. Bxf3 Rfc8 13. e5 dxe5 14. fxe5 Ne8 15. Bxb7 Rab8 16. Bxc8 Rxc8 17. Qf3 f5 18. exf6 Nexf6 19. Ne4 Qa6 20. Qb3+ Kh8 21. Ng5 Rf8 22. Nf7+ Kg8 23. Ne5+ e6 24. Nxd7 Nxd7 25. Rxf8+ Nxf8 26. Bxg7 Kxg7 27. Qc3+ Kg8 28. Qf6 Qb7 29. Rf1 Qc7 1-0

[Event "Ljubljana op 2nd"]
[Site "Ljubljana"]
[Date "2013.04.23"]
[Round "1"]
[White "Trplan, Filip"]
[Black "Sketa, Mark"]
[Result "0-1"]
[WhiteElo "1324"]
[BlackElo "1501"]
[PlyCount "62"]
[EventDate "2013.04.03"]
[EventType "swiss"]
[EventRounds "9"]
[EventCountry "SLO"]
[SourceTitle "EXT 2023"]
[Source "ChessBase"]
[SourceDate "2022.10.05"]
[SourceVersion "1"]
[SourceVersionDate "2022.10.05"]
[SourceQuality "1"]

1. e4 c5 2. Nc3 Nc6 3. f4 e6 4. Nf3 g6 5. Be2 Bg7 6. 0-0 Nge7 7. d3 0-0 8. Be3 b6 9. Nh4 d5 10. Bd2 Nd4 11. Be3 Nxe2+ 12. Nxe2 Bxb2 13. Rb1 Bg7 14. Ng3 Nc6 15. f5 Qxh4 16. Qd2 Qe7 17. Bh6 Bd4+ 18. Be3 exf5 19. Nxf5 gxf5 20. Bxd4 cxd4 21. exd5 Nd8 22. Rbe1 Qd6 23. Rf3 Kh8 24. Qg5 Rg8 25. Qxg8+ Kxg8 26. Re8+ Kg7 27. Rg3+ Kf6 28. Rh3 Qxd5 29. Rh6+ Kg7 30. Rh3 f4 31. Rh4 Qg5 0-1

[Event "SLO-ch 23rd"]
[Site "Sentjur"]
[Date "2013.04.13"]
[Round "8"]
[White "Trplan, Filip"]
[Black "Marn, Jan"]
[Result "0-1"]
[WhiteElo "1324"]
[BlackElo "1384"]
[PlyCount "130"]
[EventDate "2013.04.06"]
[EventType "swiss"]
[EventRounds "9"]
[EventCountry "SLO"]
[SourceTitle "CBM 153 Extra"]
[Source "ChessBase"]
[SourceDate "2013.04.22"]
[SourceVersion "1"]
[SourceVersionDate "2013.04.22"]
[SourceQuality "1"]

1. e4 e5 2. Nf3 Nc6 3. Bc4 Bc5 4. d3 d6 5. h3 h6 6. 0-0 Nf6 7. Be3 Bb6 8. Nc3 0-0 9. Qd2 Nd4 10. Bxd4 exd4 11. Na4 c5 12. Nxb6 Qxb6 13. Bb3 a5 14. Bc4 Qxb2 15. Rfb1 Qc3 16. Qxc3 dxc3 17. Rb3 Rb8 18. Rab1 a4 19. Rb6 Rd8 20. Ba6 d5 21. e5 Nd7 22. Rd6 d4 23. Bb5 Ra8 24. Bxd7 Rxd7 25. Rxd7 Bxd7 26. Rxb7 Bc6 27. Rc7 Bxf3 28. gxf3 Rb8 29. Kf1 Rb2 30. Ke1 Rxc2 31. Kd1 Rd2+ 32. Kc1 Re2 33. Ra7 Rxe5 34. Rxa4 Re1+ 35. Kc2 Re2+ 36. Kc1 Rd2 37. Rc4 Rxd3 38. Rxc5 Rxf3 39. Rc4 Rxf2 40. Rxd4 Rf3 41. Rc4 Rxh3 42. Kc2 Kh7 43. Rf4 f6 44. Rg4 g5 45. Rc4 Kg6 46. Rc6 Kf5 47. Rc4 h5 48. Ra4 g4 49. Rb4 Kg5 50. Rb5+ f5 51. Rc5 h4 52. Rc4 Re3 53. Rd4 h3 54. Rd1 Kf4 55. Rf1+ Rf3 56. Ra1 Kg3 57. Re1 h2 58. Rb1 Kg2 59. Ra1 h1Q 60. Rxh1 Kxh1 61. Kc1 g3 62. Kd1 g2 63. Kc2 g1Q 64. Kb3 Rf4 65. Kc2 Qa1 0-1